France - Les surnoms des Présidents de la République - Statistiques

Statistiques générales
  • Ce quiz a été pris 100 fois
  • Le résultat moyen est 12 sur 30
Statistiques - réponses
Question Réponse % Correct
Flanby François Hollande
100%
Man-Poher Alain Poher
63%
Le grand Charles Charles de Gaulle
63%
Gastounet Gaston Doumergue
63%
Le mage de Monboudif Georges Pompidou
63%
Casimir d'Anzin Jean Casimir-Périer
63%
Fou-fou-train-train Paul Deschanel
63%
Jupiter Emmanuel Macron
50%
Le Sphinx François Mitterrand
50%
Tonton François Mitterrand
50%
Le Jules au gendre Jules Grévy
50%
Speedy Gonzales Nicolas Sarkozy
50%
Naboléon Nicolas Sarkozy
50%
Barbe en zinc Paul Doumer
50%
Pointu Raymond Poincaré
50%
Sa Suffisance Valéry Giscard d'Estaing
50%
Le Globe-trotter Vincent Auriol
50%
Big Mac Emmanuel Macron
38%
Le Galant Félix Faure
25%
Bulldozer Jacques Chirac
25%
Le Républicain royaliste Patrice de Mac Mahon
25%
Le Voyageur Sadi-Carnot
25%
Le Saule pleureur Albert Lebrun
13%
L'Américain Alexandre Millerand
13%
L'Hippopotame Alexandre Millerand
13%
Le Nougateux Emile Loubet
13%
Le président-soleil Félix Faure
13%
Mimi l'Amoroso François Mitterrand
13%
Pitou-pitou René Coty
13%
Mirabeau-mouche Adolphe Thiers
0%
Aucun quiz correspondant
Distribution des résultats
% des personnes avec chaque résultat
Percentile par nombre de réponses
Votre historique - résultats
Vous n’avez pas pris ce quiz